000 00721nam a2200253Ia 4500
003 OSt
005 20220926025131.0
006 a|||||r|||| 00| 0
007 ta
008 220923b |||||||| |||| 00| 0 eng d
020 _a0195150627
037 _cGeneral Book
040 _aRTL
_cRTL
_beng
041 _2eng
_aeng
082 _aX95, P5
100 _aMegginson William L
_9296184
245 0 _aFinancial Economics of privatization
260 _aOxford
_bOxford University Press
_c2005
300 _ax; 522p
_ccm.
500 _aBibliography p 469-503; Appendix p 407-56
650 _aPrivate Sector
_9251337
942 _hX95, P5
_cGB
_2CC
999 _c646398
_d646398